LEADER 00724nam a2200193 i 4500 001 000000207429 003 CaOOAMICUS 005 20111028000000.0 008 111028n it u000 u ita u 013 $a186207 040 $aSeMil$bita 245 10$a[1]. 300 $aXI, 688 p. 490 0 $aBiblioteca di cultura storica ;$v15 773 0 $aSalvatorelli, Luigi <1886-1974>$tProfilo della storia d'Europa.$bSeconda edizione riveduta e migliorata.$dTorino : Einaudi, 1944.$g1$w()25668 830 0$aBiblioteca di cultura storica ;$v15.$0(OLS)http://semarc/title/365 850 $aSeMil 852 $aSeMil$W1$xVenegono$y1$m3U IV 156$j157891$B157891$CSeMilBibl$Z2$F169131 $81 996 $6245$a[1]$9(OLS)http://semarc/title/16462 LEADER 01372nam a2200301 i 4500 001 000000081014 003 CaOOAMICUS 005 20180130000000.0 008 180130s2017 it u000 u ita u 013 $a53252 020 $a978-88-308-1610-7 040 $aSeMil$bita 100 1 $aPetrosino, Silvano,$d<1955- >.$0(OLS)http://semarc/name/20343 245 13$aIl peso che porta in alto :$bAgostino e la confessione del soggetto /$cSilvano Petrosino, Sergio Ubbiali. 260 $aAssisi :$bCittadella,$c2017. 300 $a116 p. ;$c24 cm. 490 0 $aLeitourgía. Sezione teologica 490 0 $aLeitourgía 650 4$aAgostino, Aurelio - Antropologia.$0(OLS)http://semarc/subject/27547 700 1 $aUbbiali, Sergio Battista,$c.$0(OLS)http://semarc/name/4688 830 0$aLeitourgía. Sezione teologica [Cittadella].$0(OLS)http://semarc/title/12574 830 0$aLeitourgía.$0(OLS)http://semarc/title/13290 850 $aSeMil 852 $aSeMil$W1$xVenegono$y1$m2T V 3$j46354$B46354$CSeMilBibl$Z2$F48611 $81 961 $aOmaggio: Delpini mons. Mario 996 $6020$a978-88-308-1610-7$9(OLS)http://semarc/number/270932 996 $6245$aIl peso che porta in alto :$bAgostino e la confessione del soggetto$9(OLS)http://semarc/title/404300 996 $6260$aAssisi :$bCittadella$9(OLS)http://semarc/publisher/29661